[Event "ICS Rated standard match"]
[Site "204.178.125.65"]
[Date "2000.03.25"]
[Round "?"]
[White "Hossa"]
[Black "FLACHI"]
[Result "1-0"]
[WhiteElo "2261"]
[BlackElo "2024"]
[PlyCount "81"]

1. d4 a5 2. e4 d5 3. exd5 Qxd5 4. Nc3 Qd8 5. Nf3 Nf6 6. Bb5+ c6 7. Be2 g6 8.
Bg5 Bg7 9. Bxf6 Bxf6 10. Ne4 Bg7 11. O-O Qb6 12. Bc4 Qxb2 13. Re1 Be6 14. Bxe6
fxe6 15. Qe2 Qb5 16. Nd6+ exd6 17. Qxe6+ Kd8 18. Rab1 Qxb1 19. Qe7+ Kc8 20.
Rxb1 Nd7 21. Qxg7 Kc7 22. Rxb7+ Kxb7 23. Qxd7+ Kb6 24. Qxd6 Rhe8 25. Ne5 Rac8
26. f3 Rc7 27. Nc4+ Kb7 28. Nxa5+ Kc8 29. Nxc6 Kb7 30. d5 Re1+ 31. Kf2 Rb1 32.
c4 Rb2+ 33. Kg3 Rb1 34. Na5+ Kc8 35. Qf8+ Kd7 36. c5 Re1 37. c6+ Rxc6 38. dxc6+
Kc7 39. Qf4+ Kb6 40. Qb4+ Kc7 41. Qxe1 1-0

[Event "ICS rated standard match"]
[Site "204.178.125.65"]
[Date "2000.03.25"]
[Round "?"]
[White "FLACHI"]
[Black "Hossa"]
[Result "1-0"]
[WhiteElo "2017"]
[BlackElo "2268"]
[PlyCount "209"]

1. a4 e5 2. h3 Nf6 3. b3 Nc6 4. Bb2 Bb4 5. e3 a6 6. Na3 d5 7. Be2 O-O 8. Nf3 e4
9. Nh2 Be6 10. O-O Bc5 11. d4 Bd6 12. c4 Qd7 13. c5 Be7 14. Nc2 Bf5 15. b4 Rfd8
16. a5 Rf8 17. b5 axb5 18. Bxb5 Qe8 19. Qd2 Bd7 20. a6 Qb8 21. Rfb1 Qa7 22. Bc1
b6 23. cxb6 cxb6 24. Be2 Qc7 25. Ba3 Bxa3 26. Nxa3 Be6 27. Nb5 Qd7 28. Nc3 Qa7
29. Nf1 Qc7 30. Nb5 Qe7 31. Ng3 Rfc8 32. Nc3 Nd7 33. Nh5 Qd6 34. Nf4 g5 35. Nb5
Qe7 36. Nxe6 fxe6 37. a7 Nf6 38. Rc1 Qd7 39. Ra6 Ne8 40. Rc3 Qb7 41. Ra1 Qe7
42. Raa3 Qf7 43. Ra4 Qe7 44. Ra2 Ng7 45. Ra6 Ne8 46. Bg4 Ng7 47. Rc2 Qb7 48.
Ra3 Na5 49. Rxc8+ Qxc8 50. Qb4 Qc1+ 51. Kh2 Qc4 52. Qxc4 dxc4 53. Be2 h5 54.
Bd1 Ne8 55. Bxh5 Nf6 56. Bd1 Kg7 57. Kg3 Kf7 58. Be2 Ke7 59. Ra4 c3 60. Bd1 Kd7
61. Bc2 Kc6 62. Nxc3 Rxa7 63. Nxe4 Nxe4+ 64. Bxe4+ Kb5 65. Ra1 Rg7 66. Rb1+ Ka6
67. Bd3+ Kb7 68. Kg4 Kc7 69. Rb5 Nc6 70. Be4 Rf7 71. Bf3 Ne7 72. Kxg5 Rf8 73.
h4 Nf5 74. h5 Nd6 75. Rb2 b5 76. h6 Kd8 77. h7 Kd7 78. Ra2 Ne8 79. Ra8 b4 80.
Be4 Ke7 81. Bc6 Nf6 82. h8=Q Rxh8 83. Rxh8 b3 84. Rb8 b2 85. Rxb2 Nd5 86. Rb7+
Kd6 87. Ba4 e5 88. Rd7+ Ke6 89. e4 exd4 90. exd5+ Ke5 91. f4+ Ke4 92. f5 d3 93.
f6 Ke3 94. f7 Kf2 95. f8=Q+ Kg1 96. d6 d2 97. Bd1 Kxg2 98. Rf7 Kh2 99. Rf2+ Kg1
100. Rf1+ Kh2 101. Kf5 Kh3 102. Ke6 Kg3 103. Qg8+ Kh2 104. Bf3 Kh3 105. Rh1#
1-0

[Event "ICS rated bullet match"]
[Site "204.178.125.65"]
[Date "2000.03.25"]
[Round "?"]
[White "Hossa"]
[Black "November"]
[Result "1-0"]
[WhiteElo "2564"]
[BlackElo "1577"]
[PlyCount "43"]

1. e4 d6 2. d4 Nf6 3. Nc3 g6 4. f4 Bg7 5. Nf3 Bg4 6. e5 Bxf3 7. Qxf3 Nfd7 8.
Qxb7 dxe5 9. Qxa8 exd4 10. Ne4 O-O 11. Qxa7 e5 12. Bb5 Qh4+ 13. g3 Qg4 14. Qxc7
exf4 15. Qxf4 Qe6 16. O-O Be5 17. Qf3 f5 18. Ng5 Qb6 19. Bxd7 Nxd7 20. Qd5+ Kg7
21. Qxd7+ Kh6 22. Qxh7# 1-0

[Event "ICS rated bullet match"]
[Site "204.178.125.65"]
[Date "2000.03.25"]
[Round "?"]
[White "Hossa"]
[Black "November"]
[Result "1-0"]
[WhiteElo "2564"]
[BlackElo "1577"]
[PlyCount "57"]

1. e4 d6 2. d4 Nf6 3. Nc3 Nc6 4. d5 Ne5 5. f4 Ned7 6. Nf3 e5 7. dxe6 fxe6 8.
Ng5 Qe7 9. Bd3 h6 10. Nf3 c6 11. e5 dxe5 12. Nxe5 Nxe5 13. fxe5 Nd5 14. Bg6+
Kd8 15. O-O Bd7 16. Ne4 Be8 17. Bxe8 Qxe8 18. c4 Kc7 19. cxd5 cxd5 20. Qc2+ Kb8
21. Nf2 Be7 22. Be3 b6 23. Rac1 Qd7 24. Qg6 Kb7 25. Qxg7 Rhg8 26. Qxh6 Bc5 27.
Bxc5 bxc5 28. Nd3 Raf8 29. Nxc5+ 1-0

[Event "ICS rated bullet match"]
[Site "204.178.125.65"]
[Date "2000.03.25"]
[Round "?"]
[White "November"]
[Black "Hossa"]
[Result "0-1"]
[WhiteElo "1577"]
[BlackElo "2564"]
[PlyCount "38"]

1. Nf3 d5 2. d4 e6 3. e3 c5 4. Bb5+ Nd7 5. O-O Ngf6 6. c4 a6 7. Bxd7+ Bxd7 8.
cxd5 exd5 9. Ne5 Bb5 10. Re1 Bd6 11. f4 O-O 12. a4 Bc6 13. Nxc6 bxc6 14. Nc3
Re8 15. Bd2 cxd4 16. exd4 Rxe1+ 17. Qxe1 Qb6 18. Qf2 Ng4 19. Qg3 Qxd4+ 0-1

[Event "ICS rated bullet match"]
[Site "204.178.125.65"]
[Date "2000.03.25"]
[Round "?"]
[White "Hossa"]
[Black "CheckBiyatch"]
[Result "1-0"]
[WhiteElo "2564"]
[BlackElo "1060"]
[PlyCount "37"]

1. e4 e5 2. Nf3 Nf6 3. d4 exd4 4. e5 Ne4 5. Qxd4 Ng5 6. Bxg5 Be7 7. Bxe7 Qxe7
8. Nc3 Nc6 9. Qe3 O-O 10. Nd5 Qd8 11. O-O-O d6 12. exd6 Qxd6 13. Bb5 Qg6 14.
Bxc6 bxc6 15. Ne7+ Kh8 16. Nxg6+ fxg6 17. Ne5 Re8 18. Nf7+ Kg8 19. Qxe8# 1-0

[Event "ICS rated blitz match"]
[Site "204.178.125.65"]
[Date "2000.03.25"]
[Round "?"]
[White "Amateur"]
[Black "Hossa"]
[Result "1-0"]
[WhiteElo "2526"]
[BlackElo "2495"]
[PlyCount "109"]

1. c4 e5 2. Nc3 Nf6 3. Nf3 Nc6 4. g3 d5 5. cxd5 Nxd5 6. Bg2 Nb6 7. O-O Be7 8.
d3 O-O 9. a3 Be6 10. b4 Nd4 11. Nxe5 Bf6 12. Bf4 g5 13. Bxg5 Bxg5 14. Bxb7 Rb8
15. Nc6 Nxc6 16. Bxc6 Bf6 17. Rc1 Bxc3 18. Rxc3 Bh3 19. Re1 Nd5 20. Rc5 Ne7 21.
Bf3 Qd6 22. Qc1 Ng6 23. Rh5 Be6 24. Qh6 Rfd8 25. Qxh7+ Kf8 26. Rc1 Ke7 27. Rhc5
Rh8 28. Qg7 Rhc8 29. Ra5 Bh3 30. Rc6 Rg8 31. Qc3 Qd8 32. Rd5 Bd7 33. Rxc7 Nf8
34. Qe5+ Ne6 35. Qd6+ Kf6 36. Rxd7 Qxd7 37. Qxd7 Rbc8 38. h4 Rc1+ 39. Kh2 Rc7
40. Qa4 Rd8 41. Rxd8 Nxd8 42. Qa6+ Ke7 43. h5 f6 44. h6 Nf7 45. h7 Rd7 46. Bg4
f5 47. Bxf5 Rc7 48. Qe6+ Kd8 49. Qf6+ Re7 50. Qd4+ Ke8 51. Bg6 Re6 52. h8=Q+
Ke7 53. Qxa7+ Kd6 54. Qhb8+ Kd5 55. Qc5# 1-0

[Event "ICS rated blitz match"]
[Site "204.178.125.65"]
[Date "2000.03.25"]
[Round "?"]
[White "Hossa"]
[Black "Amateur"]
[Result "1/2-1/2"]
[WhiteElo "2480"]
[BlackElo "2541"]
[PlyCount "255"]

1. e4 c5 2. Nf3 d6 3. d4 cxd4 4. Nxd4 Nf6 5. Nc3 a6 6. f4 Nbd7 7. Bd3 Nc5 8. f5
d5 9. exd5 Nxd5 10. O-O Nxc3 11. bxc3 Na4 12. Bd2 Nc5 13. Qf3 Bd7 14. Rab1 Rc8
15. Rxb7 Nxb7 16. Qxb7 a5 17. Bb5 Rc7 18. Qb6 Bxb5 19. Qxb5+ Qd7 20. Qe5 Rb7
21. Rd1 Qc7 22. Qd5 Qd7 23. Qxa5 Ra7 24. Qe5 Rxa2 25. Rb1 Ra8 26. Bf4 Qa7 27.
Be3 f6 28. Qe6 Qd7 29. Qe4 Rc8 30. Rb7 Qa4 31. Bc1 Qa1 32. Ne2 Qa6 33. Bb2 Qc6
34. Qxc6+ Rxc6 35. Nd4 Ra6 36. Ne6 Kf7 37. Rb8 Rd6 38. Nd8+ Kg8 39. Ne6 Rd1+
40. Kf2 Kf7 41. Kg3 h5 42. Nd8+ Kg8 43. Ne6 Kf7 44. h4 Re1 45. Nd8+ Kg8 46. Ne6
Kf7 47. Nd8+ Ke8 48. Kf2 Re4 49. g3 Ra4 50. Kf3 Rc4 51. Ne6+ Kf7 52. Kg2 Ra4
53. Nd8+ Kg8 54. Kh1 e5 55. fxe6 Bd6 56. Rb3 Bxg3 57. c4 Bc7 58. e7 Kh7 59. Ne6
Bd6 60. Rg3 g6 61. Bxf6 Re8 62. Rd3 Bxe7 63. Rd7 Kg8 64. Bxe7 Ra1+ 65. Kg2 Re1
66. Nf4 R8xe7 67. Rxe7 Rxe7 68. Kf3 Rc7 69. Nxg6 Rxc4 70. Nf4 Kf7 71. Nxh5 Ke6
72. Nf4+ Kf5 73. Ne2 Rxh4 74. Ke3 Rc4 75. Kd3 Rc7 76. Nd4+ Ke5 77. Nf3+ Kf4 78.
Nd4 Rd7 79. c3 Ke5 80. Ke3 Rh7 81. Nf3+ Kd5 82. c4+ Kc5 83. Ng5 Re7+ 84. Ne4+
Kc6 85. Kd4 Rh7 86. Kd3 Rh3+ 87. Kd4 Rh5 88. c5 Rd5+ 89. Ke3 Rd7 90. Kf4 Rh7
91. Ke5 Rh5+ 92. Kd4 Rh1 93. Ke5 Re1 94. Kd4 Rd1+ 95. Ke3 Rh1 96. Kd4 Rh4 97.
Ke5 Rh7 98. Kd4 Rh2 99. Nc3 Rh4+ 100. Ke5 Rh5+ 101. Kd4 Rg5 102. Ne4 Rd5+ 103.
Ke3 Rd7 104. Kf4 Re7 105. Nc3 Rh7 106. Ke4 Rh4+ 107. Ke5 Rh1 108. Ne4 Re1 109.
Kd4 Rd1+ 110. Ke3 Rd5 111. Nf6 Rf5 112. Ne4 Re5 113. Kd3 Rf5 114. Ke3 Rf1 115.
Kd4 Rh1 116. Ke5 Rb1 117. Nc3 Ra1 118. Kd4 Rg1 119. Ne4 Ra1 120. Nc3 Rf1 121.
Ne4 Rd1+ 122. Ke3 Rd8 123. Nc3 Re8+ 124. Kd4 Rh8 125. Ne4 Rh4 126. Ke5 Rh7 127.
Kd4 Rh1 128. Ke5 1/2-1/2

[Event "ICS rated blitz match"]
[Site "204.178.125.65"]
[Date "2000.03.25"]
[Round "?"]
[White "Amateur"]
[Black "Hossa"]
[Result "0-1"]
[WhiteElo "2538"]
[BlackElo "2483"]
[PlyCount "194"]

1. Nf3 d5 2. c4 e6 3. cxd5 exd5 4. e3 Nf6 5. Nc3 Bb4 6. Qa4+ Nc6 7. Nd4 Bxc3 8.
dxc3 Bd7 9. Nxc6 Bxc6 10. Bb5 Qd6 11. Bxc6+ bxc6 12. Qb4 c5 13. Qa4+ c6 14. O-O
O-O 15. Rd1 Rfe8 16. f3 Qc7 17. Qf4 Qxf4 18. exf4 Re2 19. h4 Rae8 20. Kh2 h5
21. Kg3 a5 22. f5 R8e5 23. Kf4 Re7 24. Kg3 Ne8 25. Kh3 Nd6 26. g4 hxg4+ 27.
Kxg4 Rg2+ 28. Kf4 Ree2 29. f6 Re6 30. b3 Rxf6+ 31. Ke3 c4 32. Kd4 Rxf3 33. bxc4
Nxc4 34. Re1 Rg4+ 35. Kc5 Rxc3 36. Kxc6 Rxh4 37. Re8+ Kh7 38. Bg5 Rh5 39. Bf4
g5 40. Bc7 d4 41. Kd5 Rh4 42. Rg1 Ne3+ 43. Kd6 f6 44. Rb1 Nc4+ 45. Kd7 Re3 46.
Ra8 Ra3 47. Ra6 Kg6 48. Rf1 Rh7+ 49. Kc8 Rf7 50. Bd8 Rxa2 51. Bxf6 Rc2 52. Kd8
Kh5 53. Ke8 Rb7 54. Bxd4 Rh2 55. Rc1 Rb4 56. Bc5 Rb8+ 57. Kd7 Rh4 58. Rf6 Ne5+
59. Kc7 Rg8 60. Rd1 a4 61. Rd5 Rg6 62. Rf8 Rg7+ 63. Kc8 Ng6 64. Rff5 Rg8+ 65.
Kc7 Nf4 66. Rd6 Kg4 67. Re5 Rh7+ 68. Kc6 Rc8+ 69. Kb5 Rb7+ 70. Kc4 Rb2 71. Rd7
Rcb8 72. Re3 Rc2+ 73. Rc3 Rxc3+ 74. Kxc3 Rc8 75. Kb4 a3 76. Bd6 Ra8 77. Be5 a2
78. Ba1 Kf3 79. Kb3 g4 80. Rc7 g3 81. Rc3+ Kg4 82. Rc1 g2 83. Rg1 Kf3 84. Rd1
Ne2 85. Kb2 g1=Q 86. Rxg1 Nxg1 87. Kb3 Ke2 88. Bc3 a1=Q 89. Bxa1 Rxa1 90. Kb2
Rf1 91. Kc3 Rf4 92. Kc2 Rf3 93. Kb1 Kd3 94. Kb2 Kd2 95. Kb1 Kc3 96. Ka2 Kc2 97.
Ka1 Ra3# 0-1

[Event "ICS rated blitz match"]
[Site "204.178.125.65"]
[Date "2000.03.25"]
[Round "?"]
[White "Hossa"]
[Black "Amateur"]
[Result "0-1"]
[WhiteElo "2502"]
[BlackElo "2519"]
[PlyCount "94"]

1. d4 e6 2. c4 b6 3. Nc3 Bb4 4. e4 Bb7 5. e5 Qh4 6. Nf3 Qg4 7. Be3 Ne7 8. h3
Qg6 9. h4 Qg4 10. h5 Nf5 11. Rh3 Nxe3 12. fxe3 Bxc3+ 13. bxc3 Na6 14. Qc2 h6
15. O-O-O Qe4 16. Qf2 Qc6 17. Rg3 O-O 18. Qc2 Rfe8 19. Bd3 Rab8 20. Rh3 d6 21.
g4 Qd7 22. Rf1 Rf8 23. Bh7+ Kh8 24. exd6 Qxd6 25. g5 hxg5 26. Nxg5 Qe7 27. Rg3
Qd6 28. Rfg1 Qa3+ 29. Kb1 f5 30. Bg6 Rf6 31. Qb3 Qa5 32. Rf1 Bc6 33. Nh7 b5 34.
c5 Be4+ 35. Kc1 Bd5 36. Qb2 b4 37. Nxf6 bxc3 38. Qa1 Bxa2 39. h6 Qa3+ 40. Kd1
gxf6 41. Ke2 Qb2+ 42. Kf3 Bd5+ 43. Kf4 Qc2 44. Qb1 Rxb1 45. Rg2 Rxf1+ 46. Kg3
Qxg2+ 47. Kh4 Rh1# 0-1

[Event "ICS rated blitz match"]
[Site "204.178.125.65"]
[Date "2000.03.25"]
[Round "?"]
[White "TheProcess"]
[Black "Hossa"]
[Result "0-1"]
[WhiteElo "2280"]
[BlackElo "2487"]
[PlyCount "40"]

1. c4 e5 2. Nc3 Nf6 3. e4 Bc5 4. g3 Nc6 5. h3 d6 6. Bg2 Bd7 7. Nge2 O-O 8. O-O
Qc8 9. Kh2 Nd4 10. d3 Ne6 11. f4 Qd8 12. f5 Nd4 13. g4 Bc6 14. g5 Ne8 15. Ng3
Bd7 16. Qh5 Nc2 17. Rb1 c6 18. g6 Nf6 19. Qh4 fxg6 20. fxg6 Ng4+ 0-1

[Event "ICS rated blitz match"]
[Site "204.178.125.65"]
[Date "2000.03.25"]
[Round "?"]
[White "Hossa"]
[Black "Ricely"]
[Result "1-0"]
[WhiteElo "2488"]
[BlackElo "1992"]
[PlyCount "83"]

1. e4 c5 2. Nf3 e6 3. d4 cxd4 4. Nxd4 Nc6 5. Nb5 d6 6. c4 Nf6 7. N5c3 b6 8. Be3
Bb7 9. Nd2 Be7 10. Be2 O-O 11. O-O Rc8 12. Qc2 a6 13. Rfc1 Re8 14. Nf3 Qc7 15.
Rd1 Nd7 16. Bf4 Qb8 17. Qd2 Nce5 18. Nxe5 Nxe5 19. b3 Red8 20. Be3 Nd7 21. Bh5
g6 22. Bf3 Bf6 23. Bg5 Bxg5 24. Qxg5 b5 25. Rd4 bxc4 26. Rxc4 Rxc4 27. bxc4 Ne5
28. Be2 Qc7 29. Rb1 Rc8 30. Qf6 Ba8 31. Rb4 d5 32. exd5 exd5 33. Nxd5 Bxd5 34.
cxd5 Qc1+ 35. Bf1 Qe1 36. Rb7 Rf8 37. Re7 Nf3+ 38. gxf3 Qd1 39. d6 Qd5 40. a3
Qd1 41. d7 Qd3 42. Bxd3 1-0

[Event "ICS rated blitz match"]
[Site "204.178.125.65"]
[Date "2000.03.25"]
[Round "?"]
[White "Hossa"]
[Black "Ricely"]
[Result "1-0"]
[WhiteElo "2492"]
[BlackElo "1988"]
[PlyCount "69"]

1. d4 d5 2. c4 c6 3. Nf3 e6 4. Nc3 dxc4 5. e4 b5 6. Be2 Nf6 7. Bg5 Qb6 8. O-O
Nbd7 9. Qc2 Bb7 10. Rac1 h6 11. Bf4 Be7 12. Bg3 O-O 13. b3 cxb3 14. axb3 a6 15.
e5 Nd5 16. Nxd5 cxd5 17. Bd3 Rfc8 18. Qb1 a5 19. Bf4 Ba6 20. Bh7+ Kh8 21. Bd3
b4 22. Rfe1 Bxd3 23. Qxd3 Qb7 24. g3 a4 25. Rxc8+ Qxc8 26. Rc1 Qb7 27. bxa4
Rxa4 28. Nd2 Ra3 29. Nb3 Nb6 30. Rc2 Nc4 31. Bc1 Ra1 32. Nxa1 Bf8 33. Nb3 Be7
34. Qf3 Qa6 35. Qxf7 1-0

[Event "ICS rated blitz match"]
[Site "204.178.125.65"]
[Date "2000.03.25"]
[Round "?"]
[White "Ricely"]
[Black "Hossa"]
[Result "1/2-1/2"]
[WhiteElo "1986"]
[BlackElo "2494"]
[PlyCount "86"]

1. d4 Nf6 2. c4 e6 3. Nf3 b6 4. Nc3 Bb7 5. a3 d5 6. cxd5 Nxd5 7. Bd2 Nd7 8. Qc2
c5 9. e4 cxd4 10. Nxd4 Nxc3 11. Bxc3 Bc5 12. Rd1 Qh4 13. Bb5 O-O-O 14. Nc6
Bxf2+ 15. Qxf2 Qxe4+ 16. Qe2 Bxc6 17. Bxc6 Qxc6 18. O-O f6 19. Rc1 e5 20. Bd2
Nc5 21. b4 Qd5 22. Be3 Qd3 23. Qf2 Kb7 24. bxc5 bxc5 25. Bxc5 Qd2 26. Qg3 Qd7
27. Rfd1 Qxd1+ 28. Rxd1 Rxd1+ 29. Kf2 Rd2+ 30. Ke1 Rd7 31. Qf3+ Kb8 32. Qc6
Rhd8 33. Bb4 Rd4 34. Qb5+ Ka8 35. Qc6+ Kb8 36. Qb5+ Ka8 37. Qc6+ Kb8 38. Qb5+
Ka8 39. Qc6+ Kb8 40. Qb5+ Ka8 41. Qc6+ Kb8 42. Qb5+ Ka8 43. Qc6+ Kb8 1/2-1/2

[Event "ICS rated blitz match"]
[Site "204.178.125.65"]
[Date "2000.03.25"]
[Round "?"]
[White "Ricely"]
[Black "Hossa"]
[Result "1/2-1/2"]
[WhiteElo "1998"]
[BlackElo "2482"]
[PlyCount "96"]

1. d4 Nf6 2. c4 e6 3. Nf3 b6 4. Nc3 Bb7 5. a3 d5 6. cxd5 Nxd5 7. Bd2 Nd7 8. Qc2
c5 9. e4 cxd4 10. Nxd4 Nxc3 11. Bxc3 Bc5 12. Rd1 Qh4 13. Bb5 O-O-O 14. Nc6
Bxf2+ 15. Qxf2 Qxe4+ 16. Qe2 Bxc6 17. Bxc6 Qxc6 18. O-O f6 19. Rc1 e5 20. Bd2
Nc5 21. b4 Qd5 22. Be3 Qd3 23. Qf2 Kb7 24. bxc5 Rc8 25. cxb6 Rxc1 26. Rxc1 axb6
27. Bxb6 Rc8 28. Bc5 Rc6 29. a4 Qd5 30. Qb2+ Kc7 31. Qb4 e4 32. a5 Kc8 33. Qb5
Kd7 34. a6 Ke6 35. a7 Rc8 36. Qa6+ Kd7 37. Qa4+ Ke6 38. Qa6+ Kd7 39. Qb6 f5 40.
Qb5+ Ke6 41. Qa6+ Kd7 42. Qb5+ Ke6 43. Qa6+ Kd7 44. Qb5+ Ke6 45. Qa6+ Kd7 46.
Qb5+ Ke6 47. Qa6+ Kd7 48. Qb5+ Ke6 1/2-1/2

[Event "ICS rated standard match"]
[Site "204.178.125.65"]
[Date "2000.03.26"]
[Round "?"]
[White "Hossa"]
[Black "PostModernist"]
[Result "1-0"]
[WhiteElo "2242"]
[BlackElo "2415"]
[PlyCount "97"]

1. e4 c5 2. Nf3 d6 3. d4 Nf6 4. Nc3 cxd4 5. Nxd4 Nc6 6. Bg5 e6 7. Bb5 Bd7 8.
O-O Be7 9. Qd3 O-O 10. Rfd1 Qb6 11. Nf3 Nb4 12. Qe2 Bxb5 13. Nxb5 Nxc2 14. Rac1
Nb4 15. Bxf6 gxf6 16. Nfd4 Nxa2 17. Rc7 Rfe8 18. Qg4+ Kf8 19. Qh3 Kg8 20. Nxe6
Kh8 21. Nxd6 fxe6 22. Qg4 Qxd6 23. Rxd6 Rac8 24. Rdd7 Rxc7 25. Rxc7 Bf8 26. Qh5
Re7 27. Rxe7 Bxe7 28. Qe8+ Kg7 29. Qxe7+ Kg6 30. e5 fxe5 31. Qxe6+ Kg7 32.
Qxe5+ Kg6 33. Qe4+ Kg5 34. Qxh7 Nc1 35. Qe7+ Kf5 36. Qe3 a5 37. Qxc1 Ke6 38.
Qe1+ Kf6 39. Qxa5 Kf7 40. Qb6 Ke7 41. f4 Kf7 42. Qxb7+ Ke6 43. Qc6+ Kf7 44. f5
Ke7 45. Qd5 Kf6 46. Qe6+ Kg7 47. Qe7+ Kh8 48. f6 Kg8 49. Qg7# 1-0

[Event "ICS rated blitz match"]
[Site "204.178.125.65"]
[Date "2000.03.26"]
[Round "?"]
[White "PostModernist"]
[Black "Hossa"]
[Result "1-0"]
[WhiteElo "2640"]
[BlackElo "2460"]
[PlyCount "51"]

1. d4 d5 2. Nf3 Nf6 3. e3 e6 4. Bd3 c5 5. O-O Nc6 6. c3 c4 7. Bc2 Bd6 8. Nbd2
O-O 9. e4 Nxe4 10. Nxe4 dxe4 11. Bxe4 Bd7 12. Qe2 Na5 13. Re1 Qc7 14. Bg5 Ba4
15. g3 Qd7 16. Ne5 Bxe5 17. dxe5 h6 18. Bf6 g6 19. Qg4 Qe8 20. Qh4 Kh7 21. g4
Bd1 22. Raxd1 Qd8 23. Rxd8 Raxd8 24. g5 Ra8 25. Qxh6+ Kg8 26. Qg7# 1-0

[Event "ICS rated blitz match"]
[Site "204.178.125.65"]
[Date "2000.03.26"]
[Round "?"]
[White "Hossa"]
[Black "StrongBach"]
[Result "1-0"]
[WhiteElo "2452"]
[BlackElo "1745"]
[PlyCount "101"]

1. e4 c5 2. Nf3 d5 3. exd5 Qxd5 4. Nc3 Qf5 5. d4 Nc6 6. dxc5 Qxc5 7. Be2 Bg4 8.
Be3 Qb4 9. Rb1 Rd8 10. Bd2 Qd6 11. Nb5 Qd7 12. Bf4 Bxf3 13. Bxf3 Qe6+ 14. Be2
Rxd1+ 15. Rxd1 Qd7 16. Rxd7 Kxd7 17. O-O a6 18. Rd1+ Kc8 19. Nd4 e5 20. Nxc6
exf4 21. Rd8+ Kc7 22. Rxf8 Kxc6 23. Bc4 f3 24. Bxf7 b5 25. Rc8+ Kd7 26. Rxg8
Rxg8 27. Bxg8 fxg2 28. Bxh7 Kc8 29. f4 Kb8 30. Kxg2 Kc7 31. Bg6 a5 32. a4 bxa4
33. Be8 a3 34. bxa3 Kd6 35. c4 Ke7 36. Bb5 Kd6 37. Kf3 Kc5 38. Kg4 Kb6 39. Kg5
a4 40. Kg6 Kc5 41. f5 Kd4 42. Kxg7 Ke4 43. f6 Kd3 44. f7 Ke3 45. f8=Q Ke4 46.
Bc6+ Kd4 47. Qd6+ Kxc4 48. Be4 Kb3 49. Qb4+ Ka2 50. Bc2 Ka1 51. Qb1# 1-0

[Event "ICS rated blitz match"]
[Site "204.178.125.65"]
[Date "2000.03.26"]
[Round "?"]
[White "Hossa"]
[Black "Zippy"]
[Result "0-1"]
[WhiteElo "2453"]
[BlackElo "2214"]
[PlyCount "162"]

1. d4 d5 2. c4 c6 3. Nf3 Nf6 4. Nc3 e6 5. Bg5 h6 6. Bxf6 Qxf6 7. e3 Nd7 8. Bd3
Bb4 9. O-O O-O 10. Qc2 Bd6 11. cxd5 exd5 12. e4 dxe4 13. Nxe4 Qe7 14. Rfe1 Bb4
15. Nc3 Qd8 16. Bh7+ Kh8 17. Bf5 Nf6 18. Bxc8 Qxc8 19. Re5 Bd6 20. Re2 Re8 21.
Rae1 Rxe2 22. Rxe2 Qc7 23. Qf5 Rd8 24. Ne4 Nxe4 25. Qxe4 Qa5 26. a3 Qb5 27. g3
f5 28. Qc2 Kh7 29. Re6 Qd5 30. Qe2 a5 31. a4 b6 32. Kg2 f4 33. Qd3+ Kh8 34. Qg6
fxg3 35. hxg3 Rf8 36. Re3 Bb4 37. Qe6 Rf5 38. Qxd5 Rxd5 39. Re6 c5 40. Re5 Rd8
41. d5 Kg8 42. g4 Kf7 43. Rf5+ Ke7 44. Rh5 Rd6 45. Kg3 Rf6 46. Nh4 Kd6 47. Nf5+
Kxd5 48. Nxg7+ Kc4 49. f4 Kb3 50. Rh2 Kxa4 51. Nf5 c4 52. Nxh6 Rxf4 53. Kxf4
Bd6+ 54. Ke4 Bxh2 55. g5 Bd6 56. Nf5 Bf8 57. Nd4 Bg7 58. g6 Kb4 59. Kd5 a4 60.
Ke4 c3 61. bxc3+ Kxc3 62. Nb5+ Kb4 63. Nd4 a3 64. Nc2+ Ka4 65. Nxa3 Kxa3 66.
Kd5 b5 67. Ke6 b4 68. Kf7 Bc3 69. Kg8 b3 70. Kf7 b2 71. g7 Bxg7 72. Kxg7 b1=Q
73. Kf7 Qb6 74. Kg7 Qe6 75. Kh7 Kb4 76. Kh8 Qd7 77. Kg8 Kc5 78. Kh8 Kd5 79. Kg8
Ke6 80. Kh8 Kf6 81. Kg8 Qg7# 0-1

[Event "ICS rated blitz match"]
[Site "204.178.125.65"]
[Date "2000.03.26"]
[Round "?"]
[White "PostModernist"]
[Black "Hossa"]
[Result "0-1"]
[WhiteElo "2634"]
[BlackElo "2427"]
[PlyCount "194"]

1. d4 Nf6 2. c4 e6 3. Nf3 Bb4+ 4. Nbd2 b6 5. e3 O-O 6. Bd3 d5 7. O-O Nc6 8. a3
Be7 9. b4 dxc4 10. Nxc4 a6 11. Bb2 Bb7 12. Nce5 Nxe5 13. dxe5 Nd7 14. Bc2 c5
15. Qd3 g6 16. Rfd1 Bxf3 17. gxf3 Ra7 18. Qe4 Qc7 19. Rac1 c4 20. Bc3 Rd8 21.
Rd4 b5 22. Rcd1 a5 23. bxa5 Bxa3 24. Qh4 Bc5 25. Re4 Ra6 26. f4 Raa8 27. Rb1
Rab8 28. Be1 c3 29. a6 b4 30. Ba4 Nb6 31. Bc2 Be7 32. Qg4 Nc4 33. f5 Na3 34.
fxg6 hxg6 35. Qe2 Nxb1 36. Bxb1 Rdc8 37. Rd4 c2 38. Bxc2 Qxc2 39. Qxc2 Rxc2 40.
Rd7 Bc5 41. Rb7 Ra8 42. Bxb4 Rxa6 43. Rb8+ Kg7 44. Rc8 Rc1+ 45. Kg2 Bxe3 46.
Bf8+ Kh7 47. Rxc1 Bxc1 48. Bb4 Bf4 49. Bd6 Ra5 50. Bc7 Rb5 51. h3 Bxe5 52. Bxe5
Rxe5 53. Kg3 f6 54. Kf3 Rg5 55. Ke4 Rh5 56. Kf3 Rxh3+ 57. Kg2 e5 58. Kxh3 e4
59. Kg3 e3 60. fxe3 g5 61. Kf3 Kg6 62. Kg4 f5+ 63. Kf3 Kf6 64. e4 f4 65. Ke2 g4
66. Kd2 g3 67. Ke2 g2 68. Kf2 f3 69. Kxf3 g1=Q 70. Ke2 Ke5 71. Kd2 Kd4 72. Kc2
Qf2+ 73. Kb3 Qf3+ 74. Kb4 Qc3+ 75. Kb5 Qc5+ 76. Ka6 Qc6+ 77. Ka7 Qc7+ 78. Ka8
Qc8+ 79. Ka7 Kc5 80. e5 Qc7+ 81. Ka8 Qc6+ 82. Ka7 Qd7+ 83. Ka8 Qd8+ 84. Ka7
Qe7+ 85. Ka8 Qe8+ 86. Ka7 Qf7+ 87. Ka8 Qf8+ 88. Ka7 Qg7+ 89. Ka8 Qg2+ 90. Ka7
Qa2+ 91. Kb7 Qb3+ 92. Kc8 Qg8+ 93. Kc7 Qg7+ 94. Kd8 Qf8+ 95. Kd7 Qf7+ 96. Kd8
Kc6 97. Kc8 Qf8# 0-1

[Event "ICS rated blitz match"]
[Site "204.178.125.65"]
[Date "2000.03.27"]
[Round "?"]
[White "Hossa"]
[Black "PostModernist"]
[Result "0-1"]
[WhiteElo "2452"]
[BlackElo "2609"]
[PlyCount "116"]

1. e4 c5 2. Nf3 d6 3. Bb5+ Nc6 4. d4 cxd4 5. Nxd4 Bd7 6. Nc3 Nf6 7. O-O e6 8.
Nf3 Qc7 9. Be2 Be7 10. Nb5 Qb8 11. Bd3 O-O 12. Bg5 a6 13. Nbd4 Nxd4 14. Nxd4
Qc7 15. Qd2 h6 16. Be3 d5 17. exd5 Nxd5 18. c4 Nxe3 19. fxe3 f5 20. Qf2 Bc5 21.
Nb3 Ba7 22. c5 Qe5 23. Bc4 b5 24. Be2 Rad8 25. Rad1 Bxc5 26. Rd3 Bb6 27. Nd4 g5
28. g3 g4 29. a3 Qe4 30. Rfd1 e5 31. Nc2 Bc6 32. Kf1 f4 33. Ke1 Qh1+ 34. Qf1
Qxh2 35. gxf4 Bg2 36. Rxd8 Bxf1 37. Rxf8+ Kxf8 38. Kxf1 g3 39. Ke1 exf4 40.
exf4 g2 41. Kd2 Qxf4+ 42. Kc3 Qe5+ 43. Kd2 Qxb2 44. Bd3 g1=Q 45. Rxg1 Bxg1 46.
Kd1 Qc3 47. Bh7 Be3 48. Nxe3 Qxe3 49. Bc2 h5 50. Bh7 h4 51. Bb1 h3 52. Ba2 Qd3+
53. Kc1 h2 54. Bd5 Qxd5 55. Kc2 h1=Q 56. Kc3 Qa1+ 57. Kc2 Qxa3 58. Kb1 Qe4# 0-1

[Event "ICS Rated standard match"]
[Site "204.178.125.65"]
[Date "2000.03.27"]
[Round "?"]
[White "Hossa"]
[Black "felicity"]
[Result "1-0"]
[WhiteElo "2265"]
[BlackElo "1789"]
[PlyCount "46"]

1. e4 e6 2. d4 d5 3. Nc3 Nf6 4. Bg5 Be7 5. e5 Nfd7 6. Bxe7 Qxe7 7. f4 c5 8. Nb5
O-O 9. Nc7 Nc6 10. Nxa8 f6 11. exf6 Nxf6 12. b4 Nxd4 13. c3 Nc6 14. b5 Na5 15.
b6 Ne4 16. bxa7 Qh4+ 17. g3 Nxg3 18. Nf3 Qh6 19. Nb6 Qxf4 20. hxg3 Qxg3+ 21.
Kd2 Qf4+ 22. Kc2 Qxf3 23. Qxf3 Rxf3 1-0

[Event "ICS rated blitz match"]
[Site "204.178.125.65"]
[Date "2000.03.27"]
[Round "?"]
[White "star"]
[Black "Hossa"]
[Result "1-0"]
[WhiteElo "2698"]
[BlackElo "2443"]
[PlyCount "53"]

1. e4 e5 2. Nf3 Nc6 3. Bb5 a6 4. Ba4 Nf6 5. O-O Be7 6. Re1 b5 7. Bb3 d6 8. c3
O-O 9. h3 Bb7 10. d4 Re8 11. a4 exd4 12. Ng5 d5 13. exd5 Nxd5 14. Nxf7 Qd7 15.
axb5 axb5 16. Rxa8 Bxa8 17. Qh5 Nb8 18. cxd4 Rf8 19. Nc3 c6 20. Nxd5 cxd5 21.
Bc2 g6 22. Bxg6 Rxf7 23. Bxf7+ Kg7 24. Bh6+ Kf6 25. Qe5+ Kxf7 26. Qg7+ Ke8 27.
Qg8# 1-0